UK REITs (Record no. 84018)

MARC details
000 -LEADER
fixed length control field 01072cad a22001935a 4500
001 - CONTROL NUMBER
control field L156445
008 - FIXED-LENGTH DATA ELEMENTS--GENERAL INFORMATION
fixed length control field 120522e2012 xxk 000 0 eng d
035 ## - SYSTEM CONTROL NUMBER
System control number (Sirsi) u156445
041 0# - LANGUAGE CODE
Language code of text/sound track or separate title eng
110 2# - MAIN ENTRY--CORPORATE NAME
Corporate name or jurisdiction name as entry element Deloitte Real Estate Group
9 (RLIN) 6030
245 00 - TITLE STATEMENT
Title UK REITs
Remainder of title a summary of the regime April 2012 (14 May 2012)
Medium [electronic resource]
260 ## - PUBLICATION, DISTRIBUTION, ETC.
Place of publication, distribution, etc. London
Name of publisher, distributor, etc. Deloitte
Date of publication, distribution, etc. 2012
520 ## - SUMMARY, ETC.
Summary, etc. As at 1 April 2012 there were 24 UK REITs. Summarises the significant changes to the REIT regime announced in the 2011 Budget with draft legislation published on 29 March 2012, likely to come into effect in July 2012. The changes will make the regime much more attractive to a wider pool of property investors and providers of capital. Link to a longer treatment of the subject by Deloitte Real Estate Group.
590 ## - LOCAL NOTE (RLIN)
Local note KA
651 #4 - SUBJECT ADDED ENTRY--GEOGRAPHIC NAME
Geographic name England and Wales
Chronological subdivision 1543-
690 ## - LOCAL SUBJECT ADDED ENTRY--TOPICAL TERM (OCLC, RLIN)
Topical term or geographic name as entry element Commercial property
9 (RLIN) 6227
856 40 - ELECTRONIC LOCATION AND ACCESS
Uniform Resource Identifier <a href="https://www.mondaq.com/x/177410/Market+Commentaries/UK+REITs+A+Summary+Of+The+Regime">https://www.mondaq.com/x/177410/Market+Commentaries/UK+REITs+A+Summary+Of+The+Regime</a>
Public note View the article after free registration at www.mondaq.com
942 ## - ADDED ENTRY ELEMENTS (KOHA)
Suppress in OPAC 0
Holdings
Withdrawn status Lost status Source of classification or shelving scheme Damaged status Not for loan Home library Current library Shelving location Date acquired Total Checkouts Full call number Barcode Date last seen Copy number Price effective from Koha item type
    Dewey Decimal Classification     Virtual Virtual Online 22/05/2012   ONLINE PUBLICATION 156445-2001 06/08/2019 1 06/08/2019 Book